| 000 | 00853nam a22002535a 4500 | ||
|---|---|---|---|
| 005 | 20201128023958.0 | ||
| 008 | 161107t2016 paua frb 001 0 eng d | ||
| 020 | _a9781455770168 | ||
| 040 |
_aEG-ScBUE _beng _cEG-ScBUE _dEG-ScBUE |
||
| 082 | 0 | 4 |
_222 _a612 _bHAL |
| 100 | 1 |
_930154 _aHall, John E. _q(John Edward), _d1946- |
|
| 245 | 1 | 0 |
_aGuyton and Hall textbook of medical physiology / _cJohn E. Hall. |
| 250 | _a13th ed., International ed. | ||
| 260 |
_aPhiladelphia : _bElsevier, _cc.2016. |
||
| 300 |
_axix, 1145 p. : _bill. ; _c28 cm. |
||
| 500 | _aIndex : p 1097-1145. | ||
| 504 | _aIncludes bibliographical references. | ||
| 650 | 7 |
_2BUEsh _92250 _aHuman physiology. |
|
| 650 | 7 |
_92182 _aPhysiology, Pathological. _2BUEsh |
|
| 650 | 7 |
_914034 _aPhysiological Phenomena. _2BUEsh |
|
| 651 | _2BUEsh | ||
| 653 |
_bPPhrm _cNovember2016 |
||
| 942 | _2ddc | ||
| 999 |
_c23057 _d23029 |
||